[Event "CRO-chT4 South"]
[Site "Zadar"]
[Date "2013.10.20"]
[Round "6.5"]
[White "Govic, Krste"]
[Black "Teklic, Ilija"]
[Result "1-0"]
[WhiteElo "1636"]
[BlackElo "1615"]
[PlyCount "85"]
[EventDate "2013.04.28"]
[EventType "team-tourn"]
[EventRounds "7"]
[EventCountry "CRO"]
[SourceTitle "EXT 2014"]
[Source "ChessBase"]
[SourceDate "2013.11.20"]
[SourceVersion "1"]
[SourceVersionDate "2013.11.20"]
[SourceQuality "1"]
[WhiteTeam "Brodarica"]
[BlackTeam "Mravince III"]
[WhiteTeamCountry "CRO"]
[BlackTeamCountry "CRO"]

1. e4 e5 2. Nf3 Nc6 3. Bb5 Nf6 4. 0-0 Bc5 5. d3 0-0 6. Bxc6 dxc6 7. Nxe5 Re8 8. Nf3 Bg4 9. h3 Bh5 10. c3 Be7 11. Re1 b6 12. Bf4 c5 13. Na3 a6 14. Re3 Bd6 15. Bg5 h6 16. Bh4 Bf4 17. Re1 g5 18. Bg3 Bxg3 19. fxg3 Qd7 20. g4 Bg6 21. Nc4 Qc8 22. Rf1 Nd7 23. Qe1 b5 24. Ne3 Ne5 25. Nxe5 Rxe5 26. Qg3 Re6 27. Nd5 Ra7 28. Rf2 Qd8 29. Raf1 Kg7 30. Ne3 c6 31. Nf5+ Kh7 32. Qe3 Rd7 33. Rf3 Re5 34. Ng3 Re6 35. Nh5 Bxh5 36. gxh5 Kg7 37. Qxc5 f6 38. Qf5 Qe7 39. Qg6+ Kf8 40. Rxf6+ Rxf6 41. Rxf6+ Qxf6 42. Qxf6+ Kg8 43. Qe6+ 1-0